Visualizzazione normale
Vista MARC
- Ruiz Raul
di Personal Name
Records bibliografici associati: 1
001 - CONTROL NUMBER
- control field: 25822
003 - CONTROL NUMBER IDENTIFIER
- control field: IT-RoPau
005 - DATE AND TIME OF LATEST TRANSACTION
- control field: 20140520211025.0
008 - FIXED-LENGTH DATA ELEMENTS
- fixed length control field: 140520|| aca||aabn | a|a d
040 ## - CATALOGING SOURCE
- Original cataloging agency: IT-RoPau
- Transcribing agency: IT-RoPau
100 ## - HEADING--PERSONAL NAME
- Personal name: Ruiz Raul
- Miscellaneous information: Codice autore testo/musica SPICS: 1780
- Relator term: Autore testo/musica
- Name of part/section of a work: Minueto
670 ## - SOURCE DATA FOUND
- Source citation: Work cat.: (IT-RoPau)99594: AA.VV. 794, Manuela